[Event "9th Prague Festival Open A"]
[Site "Prague CZE"]
[Date "2013.06.26"]
[Round "5.23"]
[White "Vladyka,V"]
[Black "Rous,F"]
[Result "0-1"]
[WhiteElo "1959"]
[BlackElo "2041"]

1.e4 g6 2.d4 Bg7 3.Nc3 c6 4.Nf3 d6 5.Be2 Nf6 6.O-O O-O 7.Be3 Nbd7 8.Qd2 Ng4
9.Bf4 e5 10.dxe5 dxe5 11.Bg3 Qe7 12.Bh4 f6 13.h3 Nh6 14.Rfd1 Nf7 15.Bc4 Kh8
16.Bxf7 Rxf7 17.Qd6 Bf8 18.Qxe7 Bxe7 19.a3 Nf8 20.Rd2 Be6 21.Rad1 Kg7 22.g4 g5
23.Bg3 Ng6 24.Kg2 Rff8 25.Nh2 Rfd8 26.Nf1 Rxd2 27.Rxd2 Rd8 28.Rxd8 Bxd8 29.Ne3 Ne7
30.h4 h6 31.hxg5 hxg5 32.f3 Bb6 33.Bf2 Kf7 34.Nf5 Bxf5 35.gxf5 Nc8 36.Bxb6 Nxb6
37.b3 Ke7 38.Kf2 Kd6 39.Ke3 Nd7 40.Ne2 b5 41.Kd3 Nc5+ 42.Kc3 g4 43.Ng3 gxf3
44.Kd2 a5 45.Ke3 a4 46.bxa4 Nxa4 47.Nh5 Ke7 48.Kxf3 Nb2 49.Ke2 Nc4 50.Kd3 Nxa3
51.Kc3 c5 52.Ng3 Nc4 53.Kd3 Nd6 54.c3 Kd7 55.Nh5 Ne8 56.Kc2 Kc6 57.Kb3 Kb6
58.Kb2 Ka5 59.Kb3 b4 60.c4 Kb6 61.Ka2 Kc6 62.Kb3 Kd6 63.Ka4 Ke7 64.Ng3 Nd6
65.Kb3 Kd7 66.Ka4 Nxc4 67.Kb5 b3 68.Ne2 Nd6+ 69.Kxc5 Nxe4+ 70.Kd5 b2  0-1

[Event "7th Varna Open 2013"]
[Site "Varna BUL"]
[Date "2013.06.26"]
[Round "8.18"]
[White "Ljangov,P"]
[Black "Vavric,P"]
[Result "1/2-1/2"]
[WhiteElo "2049"]
[BlackElo "2239"]

1.e4 g6 2.d4 Bg7 3.Nc3 c6 4.Nf3 d6 5.h3 Nd7 6.Be2 Qc7 7.a4 Ngf6 8.O-O O-O
9.Re1 b6 10.Bf1 e5 11.g3 Bb7 12.Bg2 a6 13.Bg5 h6 14.Be3 Rad8 15.Qc1 Kh7 16.dxe5 dxe5
17.Rd1 Rfe8 18.Ne1 a5 19.Rd2 Nf8 20.Nd3 Ne6 21.Qe1 Nd4 22.Rad1 Nd7 23.Nxe5 Nxc2
24.Rxc2 Qxe5 25.Bd4 Qe7 26.Bxg7 Kxg7 27.Rcd2 Ne5 28.Rxd8 Rxd8 29.Rxd8 Qxd8
30.Qd1 Qxd1+ 31.Nxd1 b5 32.f4 Nc4 33.axb5 cxb5 34.e5 Bxg2 35.Kxg2 b4 36.Kf3 a4
37.Ke2 a3 38.bxa3 bxa3 39.Nc3  1/2-1/2

[Event "IsBank TCh-TUR 2013"]
[Site "Denizli TUR"]
[Date "2013.06.29"]
[Round "1.7"]
[White "Sumer,G"]
[Black "Ererdem,G"]
[Result "1/2-1/2"]
[WhiteElo "1935"]
[BlackElo "1910"]

1.e4 g6 2.d4 Bg7 3.Nc3 c6 4.Nf3 d5 5.h3 Nf6 6.e5 Ne4 7.Nxe4 dxe4 8.Ng5 c5
9.e6 Bxe6 10.Nxe6 fxe6 11.dxc5 Qxd1+ 12.Kxd1 Nd7 13.Bb5 O-O-O 14.Bxd7+ Rxd7+
15.Ke2 Rd5 16.c3 Rxc5 17.Be3 Rb5 18.Rab1 b6 19.Rhd1 Rd8 20.Rxd8+ Kxd8 21.Rd1+ Kc7
22.Rd2 Kc6 23.g4 a5 24.b3 a4 25.bxa4 Ra5 26.Rb2 Rxa4 27.Rxb6+ Kd5 28.Rb5+ Kd6
29.Rb2 Bxc3 30.Rc2 Bd4 31.Bxd4 Rxd4 32.Rd2 e5 33.a4 Kc5 34.Ra2 Kb6 35.a5+ Ka6
36.Ra3 h5  1/2-1/2

[Event "HSC/De Legibus Open 2013"]
[Site "Helmond NED"]
[Date "2013.06.29"]
[Round "2.6"]
[White "Vishnu,P"]
[Black "De Wit,Albert"]
[Result "1-0"]
[WhiteElo "2494"]
[BlackElo "2014"]

1.e4 g6 2.d4 Bg7 3.Nc3 c6 4.f4 d5 5.e5 Nh6 6.Be2 f6 7.g4 O-O 8.h3 Nf7 9.Nf3 fxe5
10.dxe5 Qb6 11.Qd3 g5 12.Be3 Qc7 13.fxg5 Nxe5 14.Nxe5 Qxe5 15.O-O-O Nd7 16.Rhf1 Rxf1
17.Rxf1 Nb6 18.g6 hxg6 19.Bxb6 axb6 20.Qxg6 Be6 21.Bd3 Qe3+ 22.Kb1 Qh6 23.Qxh6 Bxh6
24.g5 Bg7 25.h4 Bg4 26.Rg1 Bh5 27.Be2 Bxc3 28.Bxh5 Bd4 29.Rh1 e5 30.Bg4 e4
31.h5 Rf8 32.Be6+ Kh8 33.c4 Rf2 34.cxd5 Rxb2+ 35.Kc1 Rxa2 36.d6 Ra1+ 37.Kc2 Rxh1
38.d7 Rh2+ 39.Kb3 Bf6 40.gxf6 Rd2 41.f7 Kg7 42.h6+ Kf8 43.h7  1-0

[Event "22nd Anderssen Mem Eliminacje"]
[Site "Wroclaw POL"]
[Date "2013.06.29"]
[Round "2"]
[White "Michalski,Filip"]
[Black "Czachor,G"]
[Result "0-1"]
[WhiteElo "1654"]
[BlackElo "2004"]

1.e4 g6 2.d4 Bg7 3.Nc3 c6 4.Be3 d5 5.e5 Nh6 6.f4 Nf5 7.Bf2 h5 8.Nf3 b5 9.Bd3 e6
10.Qd2 Nd7 11.O-O O-O 12.Ne2 a5 13.h3 Nh6 14.Nh2 b4 15.c3 Qb6 16.Kh1 Ba6
17.Bxa6 Rxa6 18.g4 hxg4 19.hxg4 Rb8 20.Rab1 Qd8 21.Rg1 Rab6 22.Rg3 Qh4 23.Kg2 bxc3
24.Qxc3 Qe7 25.Qc2 Rb5 26.Rc3 Nb6 27.b3 Nc4 28.Rc1 Na3 29.Qd2 a4 30.Rxc6 axb3
31.axb3 Rxb3 32.Rc8+ Kh7 33.g5 Nf5 34.Ng4 Rb2 35.Qd3 R8b3 36.Nc3 Nh4+ 37.Kg1 Qd7
38.Ra8 Qb7 39.Rd8 Qc7 40.Rd6 Nb5 41.Bxh4 Nxc3 42.Kh1 Qc4 43.Qh3 Ne4 44.Bg3+ Kg8
45.Rd8+ Bf8 46.Rxc4 Nxg3+ 47.Kg1 Ne2+ 48.Kf1 Rxh3 49.Nf6+ Kg7 50.Rxf8 Ng3+
51.Kg1 Rh1+  0-1

[Event "IsBank TCh-TUR 2013"]
[Site "Denizli TUR"]
[Date "2013.06.30"]
[Round "2.6"]
[White "Kerigan,D"]
[Black "Ererdem,G"]
[Result "1-0"]
[WhiteElo "2262"]
[BlackElo "1910"]

1.e4 g6 2.d4 Bg7 3.Nc3 c6 4.Nf3 d5 5.h3 Nf6 6.e5 Ne4 7.Nxe4 dxe4 8.Ng5 c5
9.e6 Bxe6 10.Nxe6 fxe6 11.dxc5 Qxd1+ 12.Kxd1 Nd7 13.Be3 O-O-O 14.Kc1 Nf6
15.c4 Nd7 16.Be2 Ne5 17.Kc2 Nc6 18.Bg4 Nd4+ 19.Bxd4 Bxd4 20.Rae1 Rhf8 21.Rhf1 Bxf2
22.Rxe4 Bxc5 23.Rxf8 Rxf8 24.Kc3 Rf6 25.b4 Bd6 26.c5 Bg3 27.Bxe6+ Kd8 28.Re3 Bf2
29.Rd3+ Ke8 30.Bd5 b6 31.c6 e5 32.Bf3 Bd4+ 33.Kc4 Kd8 34.Ra3 b5+ 35.Kxb5 Rf4
36.Rd3 h5 37.g3 Rf6 38.Ka6 Kc7 39.b5 Rd6 40.Be4 Rf6 41.h4 Rf2 42.a3 g5 43.hxg5 h4
44.g6  1-0

[Event "11th Niki Open 2013"]
[Site "Nachod CZE"]
[Date "2013.07.02"]
[Round "4.8"]
[White "Hrdina,R"]
[Black "Jansen,C"]
[Result "1/2-1/2"]
[WhiteElo "2023"]
[BlackElo "2241"]

1.e4 g6 2.d4 Bg7 3.Nc3 c6 4.Be3 d6 5.h3 e5 6.dxe5 dxe5 7.Qxd8+ Kxd8 8.O-O-O+ Nd7
9.Bc4 f6 10.a4 Bh6 11.Bxh6 Nxh6 12.Nf3 Ke7 13.Rd2 a5 14.Rhd1 Nc5 15.Ne1 Nf7
16.Nd3 Ne6 17.Bxe6 Bxe6 18.Nc5 Rab8 19.Nxe6 Kxe6 20.Rd7 h5 21.f3 Rhd8 22.Rxd8 Nxd8
23.Kd2 Nf7 24.Ke3 Ke7 25.b3 Nd8 26.Rd2 Ne6 27.Ne2 b5 28.axb5 Rxb5 29.Rd1 f5
30.Ra1 fxe4 31.Kxe4 Rd5 32.Ke3 Rb5 33.Ke4 h4 34.Ra3 Kd6 35.Ke3 Nd4 36.Nxd4 exd4+
37.Kxd4 Rg5 38.c3 Rxg2 39.Rxa5 Rg3 40.Ke3 Rxh3 41.Rg5 Rg3 42.Rxg3 hxg3 43.Ke2 Ke5
44.Kf1 Kf4 45.Kg2 g5 46.b4 g4 47.fxg4 Kxg4 48.c4 Kf4 49.b5 cxb5 50.cxb5 Ke5
51.Kxg3 Kd5 52.b6 Kc6 53.Kf4 Kxb6  1/2-1/2

[Event "41st TCh-GRE"]
[Site "Rio (Achaia) GRE"]
[Date "2013.07.02"]
[Round "1.9"]
[White "Magklaras,T"]
[Black "Sidiropoulos,N2"]
[Result "0-1"]
[WhiteElo "1646"]
[BlackElo "1949"]

1.e4 g6 2.d4 Bg7 3.Nc3 c6 4.Be3 Qb6 5.Rb1 Qc7 6.Nf3 d6 7.h3 Nd7 8.Be2 Ngf6
9.O-O O-O 10.Qd2 e5 11.Bh6 Re8 12.Bxg7 Kxg7 13.Rbd1 Qb6 14.Na4 Qc7 15.Nc3 Qa5
16.Rfe1 Nf8 17.d5 c5 18.a4 a6 19.Bf1 Nh5 20.g3 h6 21.Nh4 Bd7 22.Kh2 Qd8 23.Be2 Nf4
24.Nf5+ gxf5 25.gxf4 Qh4 26.Rg1+ Kh7 27.Bd3 c4 28.Bxc4 fxe4 29.Bf1 exf4 30.Qd4 Ng6
31.Nxe4 Ne5 32.Qc3 Rac8 33.Qb3 Ng4+ 34.Kh1 Rxe4  0-1

[Event "IsBank TCh-TUR 2013"]
[Site "Denizli TUR"]
[Date "2013.07.04"]
[Round "6.3"]
[White "Soylu,S"]
[Black "Azaladze,S"]
[Result "1/2-1/2"]
[WhiteElo "2408"]
[BlackElo "2481"]

1.e4 g6 2.d4 Bg7 3.Nc3 c6 4.Nf3 d6 5.Be3 Qb6 6.Rb1 Nf6 7.h3 Qa5 8.Bd3 O-O
9.O-O Nbd7 10.Qd2 Qc7 11.Ne2 e5 12.Ng3 Re8 13.Bh6 Nf8 14.dxe5 dxe5 15.Bxg7 Kxg7
16.Bc4 b5 17.Bb3 c5 18.c3 c4 19.Bc2 Ne6 20.Rbd1 Bb7 21.Rfe1 Nf4 22.Qe3 Rad8
23.Rxd8 Rxd8 24.Rd1 Rxd1+ 25.Bxd1 Bc8 26.Bc2 a6 27.Ne2 Ne6 28.Ng3 Nf4 29.Ne2 N6h5
30.Nxf4 Nxf4 31.h4 f6 32.g3 Ne6 33.Ne1 Nc5 34.f3 Be6 35.Kf2 a5 36.a3 h6 37.Ng2 Qb6
38.Ke2 Bh3  1/2-1/2

[Event "41st TCh-GRE"]
[Site "Rio (Achaia) GRE"]
[Date "2013.07.04"]
[Round "4.3"]
[White "Kakousatze,I"]
[Black "Kivelos,S"]
[Result "1-0"]
[WhiteElo "2035"]
[BlackElo "1906"]

1.e4 g6 2.d4 Bg7 3.Nc3 c6 4.Nf3 d5 5.h3 Nh6 6.Bd3 f6 7.Qe2 Nf7 8.O-O O-O
9.Rd1 e6 10.b3 Nd7 11.Na4 b5 12.Nb2 f5 13.exd5 exd5 14.c4 a6 15.a4 bxc4 16.bxc4 a5
17.cxd5 cxd5 18.Bb5 Nf6 19.Nd3 Ne4 20.Bb2 g5 21.Nfe5 Nxe5 22.Nxe5 g4 23.Rd3 h5
24.Ba3 Rf6 25.Nc6 Rxc6 26.Bxc6 Ba6 27.Bxa8 Bxd4 28.Bxd5+ Qxd5 29.Rxd4 Qxd4
30.Rd1 Qf6 31.Qa2+ Kh7 32.Rd7+ Kh6 33.Bc1+ f4 34.Qg8  1-0

[Event "11th Niki Open 2013"]
[Site "Nachod CZE"]
[Date "2013.07.05"]
[Round "7.6"]
[White "Mudrak,J"]
[Black "Jansen,C"]
[Result "0-1"]
[WhiteElo "2330"]
[BlackElo "2241"]

1.e4 g6 2.d4 Bg7 3.Nc3 c6 4.f4 d5 5.e5 h5 6.Nf3 Nh6 7.Be3 Bg4 8.h3 Nf5 9.Bf2 Bxf3
10.Qxf3 h4 11.O-O-O e6 12.Bd3 Bf8 13.Ne2 b5 14.Bxf5 gxf5 15.g4 hxg3 16.Nxg3 Nd7
17.h4 Qb6 18.h5 O-O-O 19.Rh3 Be7 20.h6 Rh7 21.Rdh1 Rdh8 22.R1h2 Nf8 23.Be3 Ng6
24.a3 Kd7 25.Ne2 Qd8 26.Qh1 Kc7 27.Kb1 a5 28.a4 Qb8 29.Bd2 bxa4 30.Bxa5+ Kd7
31.Kc1 Qb5 32.Bc3 Qc4 33.Kd1 Ra8 34.Bd2 Qa2 35.Bc1 Rb8 36.Qf1 Qa1 37.Nc3 a3
38.bxa3 Bxa3 39.Kd2 Rb4 40.Ne2 Bxc1+ 41.Qxc1 Rb1 42.Qxb1 Qxb1 43.Rb3 Qf1
44.Ke3 Nxf4 45.Nxf4 Qg1+ 46.Rf2 Rxh6 47.Rb7+ Kc8 48.Rxf7 Rh2 49.Rf8+ Kd7
50.Nd3 Qg5+ 51.Ke2 Qg4+ 52.Ke3 Qh3+ 53.Ke2 Qh5+ 54.Ke1 Rh1+ 55.Rf1 Qh4+ 56.Nf2 Rxf1+  0-1

[Event "11th Niki Open 2013"]
[Site "Nachod CZE"]
[Date "2013.07.05"]
[Round "7.5"]
[White "Voloshin,L"]
[Black "Karlik,V"]
[Result "1/2-1/2"]
[WhiteElo "2427"]
[BlackElo "2294"]

1.d4 g6 2.e4 Bg7 3.Nc3 c6 4.h3 d6 5.a4 Nf6 6.Nf3 O-O 7.Be2 Nbd7 8.O-O Qc7
9.Be3 b6 10.Qd2 Bb7 11.Rad1 Rad8 12.Rfe1 e5 13.dxe5 dxe5 14.Qd6 Qc8 15.Qa3 Ba6
16.Bxa6 Qxa6 17.Rd6 Rc8 18.Red1 Rc7 19.Qb3 h6 20.Nd2 Re8 21.Qc4 Qc8 22.Nb3 Bf8
23.R6d2 Nh5 24.Ne2 a6 25.Qc3 Nhf6 26.f3 c5 27.Nbc1  1/2-1/2

[Event "41st TCh-GRE"]
[Site "Rio (Achaia) GRE"]
[Date "2013.07.05"]
[Round "5.9"]
[White "Grigoriadis,M"]
[Black "Sidiropoulos,N2"]
[Result "1-0"]
[WhiteElo "1914"]
[BlackElo "1949"]

1.e4 g6 2.d4 Bg7 3.Nc3 c6 4.Be3 Qb6 5.Bc4 Qxb2 6.Nge2 d6 7.O-O Nf6 8.e5 Ng4
9.Rb1 Qa3 10.Bc1 Qa5 11.h3 Nh6 12.exd6 exd6 13.Ne4 O-O 14.Nxd6 b6 15.Bd2 Qh5
16.Qc1 Nf5 17.Nxc8 Rxc8 18.g4 Qxh3 19.gxf5 Bxd4 20.Rb3 Qxf5 21.Nxd4 Qg4+
22.Rg3 Qxd4 23.Bb3 Nd7 24.Bc3 Qd6 25.Rd1 Qe7 26.Rxd7 Qxd7 27.Qh6  1-0

[Event "20th Abu Dhabi Masters 2013"]
[Site "Abu Dhabi UAE"]
[Date "2013.07.06"]
[Round "8.7"]
[White "Guseinov,G"]
[Black "Iskandarov,M"]
[Result "0-1"]
[WhiteElo "2631"]
[BlackElo "2371"]

1.e4 g6 2.d4 Bg7 3.Nc3 c6 4.Be3 d5 5.Qd2 dxe4 6.Nxe4 Nd7 7.Nf3 Ngf6 8.Nxf6+ Nxf6
9.Bc4 O-O 10.c3 a5 11.a4 Ne4 12.Qe2 Nd6 13.Ba2 b6 14.h4 Ba6 15.Qd2 Nc4 16.Bxc4 Bxc4
17.Bh6 Bxh6 18.Qxh6 f6 19.Qe3 Qd5 20.Nd2 Ba6 21.b3 Rad8 22.O-O-O Rfe8 23.Kb2 Bc8
24.Rhe1 b5 25.axb5 cxb5 26.Ne4 a4 27.Nc5 axb3 28.f3 Bf5 29.Ra1 b4 30.cxb4 Qxd4+
31.Qxd4 Rxd4 32.Kxb3 h5 33.Ra7 e5 34.b5 Rb8 35.Rb7 Rxb7 36.Nxb7 Bd3 37.b6 Rd5
38.Ra1 Rb5+ 39.Kc3 Rxb6 40.Ra7 Bf1 41.g3 Bg2 42.Ra8+ Kg7 43.Ra7 Bxf3 44.Nd6+ Kg8
45.Rd7 Rc6+ 46.Kd2 Bg4 47.Rd8+ Kg7 48.Ke3 f5 49.Rd7+ Kf6 50.Ne8+ Ke6 51.Rg7 Rc3+
52.Kf2 f4 53.gxf4 exf4 54.Nc7+ Ke5 55.Re7+ Kd6 56.Nb5+ Kxe7 57.Nxc3 Ke6 58.Ne4 Ke5
59.Ng5 Kf5 60.Nf7 Bd1 61.Kg2 Bb3  0-1

[Event "IsBank TCh-TUR 2013"]
[Site "Denizli TUR"]
[Date "2013.07.07"]
[Round "10.4"]
[White "Firat,B"]
[Black "Gvetadze,Sopi"]
[Result "1-0"]
[WhiteElo "2414"]
[BlackElo "2339"]

1.e4 c6 2.d4 g6 3.Nc3 Bg7 4.Nf3 d6 5.h3 Nd7 6.Be3 Qb6 7.a3 Ngf6 8.Be2 O-O
9.O-O Qc7 10.Qd2 Re8 11.Bh6 e5 12.Bxg7 Kxg7 13.Rad1 Nf8 14.Rfe1 h6 15.Bf1 g5
16.Qd3 Ng6 17.g3 Be6 18.Bg2 Rad8 19.Nd2 Qb6 20.d5 cxd5 21.exd5 Bd7 22.Nc4 Qc7
23.a4 a6 24.a5 Rf8 25.Nb6 Ne8 26.Nb1 f5 27.c4 Nf6 28.b4 Rde8 29.Nc3 e4 30.Qd4 Ne5
31.c5 Re7 32.Re3 Be8 33.cxd6 Qxd6 34.Nc8 Qd8 35.Nxe7 Qxe7 36.Qc5 Qf7 37.d6 Qe6
38.Nd5 Nfd7 39.Qc7 Bh5 40.Rd2 Rf7 41.Qc3 Bg6 42.Nc7 Qc4 43.Rd4 Qxc3 44.Rxc3 Rf6
45.b5 axb5 46.Nxb5 Nc6 47.Ra4 Bf7 48.g4 h5 49.Nd4 Nxd4 50.Rxd4 hxg4 51.hxg4 fxg4
52.Rc7 Be6 53.Rxe4 Kf7 54.Rxd7+  1-0

[Event "St. Pauli Open 2013"]
[Site "Hamburg GER"]
[Date "2013.07.07"]
[Round "2.64"]
[White "Hopson,Kevin Mike"]
[Black "Emami,M"]
[Result "1/2-1/2"]
[WhiteElo "1810"]
[BlackElo "1993"]

1.e4 g6 2.d4 Bg7 3.Nc3 c6 4.Be3 d5 5.e5 f6 6.f4 Nh6 7.h3 O-O 8.Nf3 Nf7 9.Bd3 c5
10.Qd2 Nc6 11.Bb5 cxd4 12.Bxd4 fxe5 13.Bxe5 Nfxe5 14.fxe5 Nxe5 15.Nxe5 Bxe5
16.Qxd5+ Qxd5 17.Nxd5 Bxb2 18.Rb1 Bf6 19.Bc4 Bh4+ 20.Kd1 Kg7 21.Nc7 Rb8 22.Na6 Ra8
23.Nc7  1/2-1/2

[Event "11th Niki Open 2013"]
[Site "Nachod CZE"]
[Date "2013.07.07"]
[Round "9.8"]
[White "Hrdina,R"]
[Black "Karlik,V"]
[Result "1/2-1/2"]
[WhiteElo "2023"]
[BlackElo "2294"]

1.e4 g6 2.d4 Bg7 3.Nc3 c6 4.Be3 d5 5.Qd2 dxe4 6.Nxe4 Nd7 7.O-O-O Ngf6 8.Ng3 Nb6
9.Bh6 Bxh6 10.Qxh6 Qd5 11.Kb1 Be6 12.b3 Qa5 13.Qd2 Qxd2 14.Rxd2 O-O-O 15.c4 Bf5+
16.Bd3 Bxd3+ 17.Rxd3 e5 18.Rf3 Ng4 19.h3 Nh6 20.dxe5 Rd1+ 21.Kc2 Rhd8 22.N1e2 Rxh1
23.Nxh1 Re8 24.Re3 Nf5 25.Re4 Nd6 26.Re3 Nf5 27.Re4 Nd6  1/2-1/2

[Event "IsBank TCh-TUR 2013"]
[Site "Denizli TUR"]
[Date "2013.07.09"]
[Round "12.5"]
[White "Klinova,M"]
[Black "Ererdem,G"]
[Result "1/2-1/2"]
[WhiteElo "2322"]
[BlackElo "1910"]

1.e4 g6 2.d4 Bg7 3.Nc3 c6 4.Nf3 d5 5.Be2 Bg4 6.Be3 e6 7.O-O Ne7 8.h3 Bxf3
9.Bxf3 O-O 10.Qd2 dxe4 11.Nxe4 Nf5 12.Rad1 Nxe3 13.Qxe3 Nd7 14.Qb3 Qb6 15.c3 Rfd8
16.Rfe1 Qxb3 17.axb3 Bf8 18.Nd2 Nb6 19.b4 a6 20.Nb3 Nc4 21.Re2 Rab8 22.Be4 Nb6
23.g3 Bg7 24.Bd3 Kf8 25.h4 Nd7 26.f4 h5 27.Kg2 Kg8 28.Kf3 Bf8 29.Na5 Rdc8
30.Bc4 Rc7 31.Nb3 Nb6 32.Bd3 Nd7 33.Rg1 Nf6 34.Ra1 Nd7 35.Bc2 Kg7 36.Rd1 Nf6
37.Nc5 Nd7 38.Ne4 Nf6 39.Ng5 Bd6 40.Bb3 Re7 41.Kg2 Rbe8 42.Nf3 Rb8 43.Ne1 Nd7
44.Nd3 Nf6 45.Nc5 Nd7 46.Ne4 Bc7 47.Kf3 Nf6 48.Nc5 Bd6 49.Bc2 Nd7 50.Rg1 Nxc5
51.bxc5 Bc7 52.f5 gxf5 53.Bxf5 Kf6 54.Bh3 Rg8 55.g4 hxg4+ 56.Rxg4 Rxg4 57.Bxg4 Re8
58.h5 Kg5 59.Rg2 Kh6 60.Bh3 Re7 61.Kg4 Re8 62.Kf3 Re7 63.Ke4  1/2-1/2

[Event "6th ch-Cent SRB Int 2013"]
[Site "Paracin SRB"]
[Date "2013.07.09"]
[Round "6.20"]
[White "Zajic,Milan"]
[Black "Nenezic,M"]
[Result "1/2-1/2"]
[WhiteElo "2272"]
[BlackElo "2391"]

1.e4 g6 2.d4 Bg7 3.Nc3 c6 4.Bc4 d6 5.Nf3 Nf6 6.O-O b5 7.Bd3 Bg4 8.h3 Bxf3
9.Qxf3 O-O 10.e5 dxe5 11.dxe5 Nfd7 12.e6 fxe6 13.Qg4 Nc5 14.Ne4 Nbd7 15.Nxc5 Nxc5
16.Be3 Nxd3 17.Qxe6+ Kh8 18.cxd3 Bxb2 19.Rab1 Bf6 20.Qxc6 a6 21.Rfd1 Qc8
22.Rdc1 Rd8 23.Qe4 Qd7 24.d4 Qd5 25.Qxd5 Rxd5 26.a4 bxa4 27.Rc4 a3 28.Ra4 a5
29.Rxa3 a4 30.Rb4 Rda5 31.Rc4 e6 32.Bd2 Be7 33.Bb4 Bxb4 34.Rxb4 Kg7 35.Kf1  1/2-1/2

[Event "St. Pauli Open 2013"]
[Site "Hamburg GER"]
[Date "2013.07.10"]
[Round "5.13"]
[White "Gupta,Arijit"]
[Black "Light,B"]
[Result "0-1"]
[WhiteElo "2090"]
[BlackElo "2271"]

1.e4 g6 2.d4 Bg7 3.Nc3 c6 4.Nf3 d5 5.e5 f6 6.Bf4 Nh6 7.Qd2 Nf7 8.O-O-O O-O
9.h4 Bg4 10.exf6 exf6 11.Be2 b5 12.Ne1 Bc8 13.Kb1 Nd7 14.Nd3 a5 15.g4 Nb6
16.Nc5 a4 17.b3 Re8 18.h5 g5 19.Be3 Nd7 20.Nxd7 Bxd7 21.Rde1 Bf8 22.Kb2 axb3
23.cxb3 Bb4 24.Ra1 Qa5 25.a4 Qd8 26.axb5 Nd6 27.Qd3 Bxc3+ 28.Qxc3 Ne4 29.Qd3 cxb5
30.Bf3 Qe7 31.Rhe1 Bc6 32.Bh1 Qb4 33.Rec1 Rxa1 34.Rxa1 Re7 35.Ra6 Be8 36.Bxe4 dxe4
37.Qc2 Bf7 38.Bd2 Qxd4+ 39.Bc3 Qd5 40.Bxf6 Re8 41.Rc6 h6 42.Rc5 Qe6 43.Qc3 b4
44.Qd4 Qxb3+ 45.Kc1 Qa3+ 46.Kd2 Qa2+ 47.Kc1 Qa3+ 48.Kd2 Qd3+ 49.Qxd3 exd3
50.Kxd3 Be6 51.Rc7 Bxg4 52.Rg7+ Kf8 53.Rb7 Re6 54.Bd4 Bxh5 55.Bc5+ Kg8 56.Bxb4 Bf3
57.Re7 Rg6 58.Re8+ Kg7 59.Rf8 Bc6 60.Rf5 Re6 61.Bc3+ Kg6 62.Re5 Rf6 63.Rc5 Rd6+
64.Ke3 h5 65.f4 Re6+ 66.Re5 Rxe5+ 67.Bxe5 Kf5 68.Bc7 g4 69.Kf2 h4 70.Kg1 g3
71.Bd8 h3  0-1

[Event "EY Boys Teams 2013"]
[Site "Maribor SLO"]
[Date "2013.07.10"]
[Round "5"]
[White "Kraus,To"]
[Black "Markoja,B"]
[Result "1-0"]
[WhiteElo "2360"]
[BlackElo "2163"]

1.d4 g6 2.e4 Bg7 3.Nc3 c6 4.Nf3 d5 5.h3 Nh6 6.Bf4 f6 7.exd5 cxd5 8.Nb5 Na6
9.c4 Nf7 10.Be2 O-O 11.O-O Be6 12.cxd5 Bxd5 13.Nc3 Rc8 14.Nxd5 Qxd5 15.Qa4 Qe4
16.Be3 Nd6 17.Bxa6 bxa6 18.Qxa6 Rc2 19.b3 Rfc8 20.Rfe1 Qd5 21.Qxa7 Ra8 22.Qd7 Bf8
23.Bf4 Raxa2 24.Rxa2 Rxa2 25.Bxd6 exd6 26.Re8 Qf7 27.Qc8 Kg7 28.d5 Ra1+ 29.Kh2 Rd1
30.Rd8 Kg8 31.Qa8 g5 32.b4 h5 33.b5 g4 34.Nh4  1-0

[Event "120th ch-SCO 2013"]
[Site "Helensburgh SCO"]
[Date "2013.07.11"]
[Round "6.17"]
[White "Aird,I"]
[Black "Lees,Fraser A"]
[Result "0-1"]
[WhiteElo "1988"]
[BlackElo "1802"]

1.e4 g6 2.d4 Bg7 3.Nc3 c6 4.Nf3 d5 5.h3 dxe4 6.Nxe4 Nd7 7.Bd3 Ngf6 8.c3 Qb6
9.Qe2 O-O 10.O-O Nxe4 11.Bxe4 Nf6 12.Bd3 Re8 13.Ne5 Nd7 14.Nc4 Qd8 15.f4 b5
16.Ne5 Nxe5 17.fxe5 Be6 18.Be3 Qa5 19.b3 Rac8 20.c4 a6 21.Rac1 Red8 22.Rfd1 f6
23.exf6 bxc4 24.bxc4 Bxf6 25.Bd2 Bxd4+ 26.Kh1 Qe5  0-1

[Event "Commonwealth & RSA Open"]
[Site "Port Elizabeth RSA"]
[Date "2013.07.11"]
[Round "8.10"]
[White "Kulkarni,C"]
[Black "G.,A"]
[Result "1/2-1/2"]
[WhiteElo "2290"]
[BlackElo "2332"]

1.e4 g6 2.d4 Bg7 3.Nc3 c6 4.Nf3 d6 5.h3 Nf6 6.Bg5 Qb6 7.a3 Nbd7 8.Bc4 h6
9.Be3 Nxe4 10.Nxe4 d5 11.Ned2 dxc4 12.Nxc4 Qa6 13.Qe2 Nb6 14.Nxb6 Qxb6 15.O-O-O Be6
16.Bf4 O-O 17.Be5 Qa5 18.Rhe1 Rfe8 19.Qd3 Qd5 20.Bxg7 Kxg7 21.Re5 Qa2 22.Rde1 Bc4
23.Qc3 Bd5 24.R5e3 a5 25.Ne5 b5 26.Nd3 e6 27.g4 Reb8 28.f4 Ra7 29.f5 exf5
30.gxf5 Qc4 31.Qd2 b4 32.axb4 axb4 33.Qf2 Qxd4 34.fxg6 Ra1+ 35.Kd2 Rxe1 36.Kxe1 Qf6
37.Qg3 Qg5 38.gxf7 Qxg3+ 39.Rxg3+ Kxf7 40.Rg4 b3 41.c4 Be6 42.Rf4+ Kg6 43.Rd4 Kf6
44.Rf4+ Bf5 45.h4 Ra8  1/2-1/2

[Event "Commonwealth & RSA Open"]
[Site "Port Elizabeth RSA"]
[Date "2013.07.12"]
[Round "9.2"]
[White "Barua,D"]
[Black "Lalith,B"]
[Result "1-0"]
[WhiteElo "2431"]
[BlackElo "2571"]

1.e4 g6 2.d4 Bg7 3.Nc3 c6 4.Nf3 d6 5.Be3 Nf6 6.h3 O-O 7.Bd3 b5 8.O-O Nbd7
9.Ne2 e5 10.dxe5 dxe5 11.a4 b4 12.c3 bxc3 13.Nxc3 Qe7 14.Qe2 a5 15.Rfd1 Bb7
16.Bc4 Nc5 17.Bxc5 Qxc5 18.Nh4 Qe7  1-0

[Event "MTS GM 2013"]
[Site "Izmir TUR"]
[Date "2013.07.13"]
[Round "1.1"]
[White "Salepci,O"]
[Black "Kanmazalp,O"]
[Result "0-1"]
[WhiteElo "2132"]
[BlackElo "2384"]

1.e4 g6 2.d4 Bg7 3.Nc3 c6 4.Nf3 d6 5.h3 Nf6 6.Bd3 O-O 7.O-O Nbd7 8.a4 e5
9.dxe5 dxe5 10.b4 Nh5 11.g3 h6 12.Kh2 Qf6 13.Qe2 Re8 14.Be3 Nf8 15.Rfd1 Ne6
16.Bc4 Bf8 17.Rab1 Kh7 18.a5 Nhg7 19.b5 Bc5 20.Bxc5 Nxc5 21.Qe3 Nge6 22.a6 cxb5
23.Nd5 Qg7 24.Bxb5 Rd8 25.c3 b6 26.Qe2 f6 27.Nd2 h5 28.Qf3 Ng5 29.Qxf6 Qxf6
30.Nxf6+ Kg7 31.Ne8+ Kf8 32.Nc7 Rb8 33.h4 Rxd2 34.Rxd2 Nf3+ 35.Kg2 Nxd2 36.Rd1 Ndxe4
37.Rd8+ Ke7 38.Re8+ Kd6  0-1

[Event "2nd Ideon Andron Open 2013"]
[Site "Anogia GRE"]
[Date "2013.07.14"]
[Round "6.9"]
[White "Koutsogiannopoulou,T"]
[Black "Cherednichenko,S"]
[Result "0-1"]
[WhiteElo "1886"]
[BlackElo "2290"]

1.e4 g6 2.d4 Bg7 3.Nc3 c6 4.f4 d5 5.e5 Qb6 6.Na4 Qc7 7.c4 dxc4 8.Nc3 Be6
9.Nf3 Nh6 10.Be2 O-O 11.a4 a5 12.Be3 Rd8 13.Qc1 Na6 14.O-O Ng4 15.Bd2 Nh6
16.Rd1 Bd5 17.Be3 Rab8 18.h3 b5 19.g4 f5 20.Nxd5 cxd5 21.Ng5 Qd7 22.Qc2 Nb4
23.Qc3 bxa4 24.Ra3 Nc6 25.Rda1 Rb3 26.Qd2 Rdb8 27.Rxb3 axb3 28.Qc3 e6 29.Bd2 Bf8
30.Qe3 Ra8 31.Bc3 a4 32.Qg3 a3 33.bxa3 Rxa3 34.Rb1 Ra2 35.Rb2 Rxb2 36.Bxb2 Nd8
37.h4 fxg4 38.Bxg4 Nxg4 39.Qxg4 h6 40.Nf3 Kh7 41.Kh2 Qf7 42.Ne1 Bb4  0-1

[Event "Lueneburg GM 2013"]
[Site "Lueneburg GER"]
[Date "2013.07.15"]
[Round "1.3"]
[White "Inkiov,V"]
[Black "Wenzel,B"]
[Result "1/2-1/2"]
[WhiteElo "2440"]
[BlackElo "2045"]

1.e4 g6 2.d4 Bg7 3.Nc3 c6 4.Nf3 d6 5.Bc4 Nf6 6.e5 dxe5 7.Nxe5 O-O 8.O-O Nbd7
9.Bg5 Nb6 10.Bb3 a5 11.a4 Nbd5 12.Re1 Be6 13.Nxd5 Nxd5 14.c3 Qc7 15.Qd2 Rfe8
16.Bh6 Bf6 17.c4 Nb4 18.Bf4 Qd8 19.Rad1 Rf8 20.Bh6 Bg7 21.Bxg7 Kxg7 22.d5 cxd5
23.cxd5 Bf5 24.g4 Bc8 25.Qd4 Kg8 26.d6 exd6 27.Qxd6 Qxd6 28.Rxd6 Kg7 29.Nd7 Bxd7
30.Rxd7 Nc6 31.Kg2 Rad8 32.Rxb7 Rd2 33.Bc4 Rd4 34.Bb5 Nd8 35.Ra7 Rxg4+ 36.Kf1 Rb4
37.Re2 Kf6 38.Rxa5 Ne6 39.Bd7 Rd8 40.Bxe6 Rd1+ 41.Kg2 fxe6 42.Ra6 Ra1 43.Raxe6+ Kf5
44.Re7 Raxa4 45.Rxh7 Ra2 46.Rf7+ Kg5 47.Re5+ Kh6 48.Re8 Raxb2 49.Kg3 R2b3+
50.f3 Rb8 51.Ree7 Rh8 52.Re4 Rb5 53.h4 Rg8 54.Ree7 Rh8 55.f4 Rb3+ 56.Kg4 Rb1
57.Kf3 Rb3+ 58.Kg4 Rb1 59.h5 Rg1+ 60.Kf3 gxh5 61.Rf6+ Rg6 62.Rxg6+ Kxg6 63.Kg3 Kf6
64.Re5 h4+ 65.Kh3 Rh7 66.Rg5 Rh8 67.Rg4 Kf5 68.Rxh4 Rxh4+ 69.Kxh4 Kxf4  1/2-1/2

[Event "Czech Open G1 Rapid 2013"]
[Site "Pardubice CZE"]
[Date "2013.07.18"]
[Round "6.35"]
[White "Korinek,O"]
[Black "Potapov,Alexa1"]
[Result "0-1"]
[WhiteElo "2331"]
[BlackElo "2389"]

1.e4 g6 2.d4 Bg7 3.Nc3 c6 4.h3 d5 5.Nf3 dxe4 6.Nxe4 Nd7 7.c3 Ngf6 8.Nxf6+ Nxf6
9.Bc4 O-O 10.O-O Qd6 11.Re1 Nd5 12.Bb3 a5 13.a4 Bf5 14.Bg5 Rfe8 15.Bh4 Bh6
16.Bg3 Bf4 17.Bxd5 cxd5 18.Bxf4 Qxf4 19.Qd2 Qxd2 20.Nxd2 f6 21.Nf1 Ra6 22.Ne3 Be6
23.Re2 Bf7 24.Rae1 Kf8 25.Nc2 e6 26.Ne3 Rc8 27.f4 Be8 28.Ra1 Rb6 29.Kf2 Rb3
30.Rd2 Kf7 31.g4 Bd7 32.Kg3 Re8 33.Kf2 Bc6 34.Ra2 h5 35.g5 e5 36.gxf6 exf4
37.Ng2 Re4 38.Re2 g5 39.h4 Kxf6 40.hxg5+ Kxg5 41.Ne1 h4 42.Nf3+ Kg4 43.Ne5+ Kf5
44.Rd2 Re3 45.Nf3 h3 46.Ra1 Be8 47.Rg1 Rxf3+ 48.Kxf3 Bh5+ 49.Kf2 Rb6 50.Rg8 Rh6
51.Kg1 Bf3 52.Rf2 Bg2 53.Rfxg2 hxg2 54.Kxg2 Ke4 55.Re8+ Kd3 56.Kf3 Rf6 57.Re5 Kc4
58.Rh5 b6 59.Rg5 Kb3 60.Rxd5 Kxb2 61.c4 Kb3 62.c5 bxc5 63.dxc5 Kxa4 64.Rd4+ Kb5
65.Rxf4 Rxf4+ 66.Kxf4 a4 67.Ke5 a3 68.Kd6 a2 69.c6 a1=Q 70.c7 Qd4+ 71.Ke7 Qc5+
72.Kd7 Qd5+ 73.Ke7 Qc6 74.Kd8 Qd6+  0-1